| 000 | 00427nam a22001691a 4500 | ||
|---|---|---|---|
| 020 | _a9788170811701 | ||
| 082 |
_aS 294.592 6 _bMAR/S |
||
| 100 | _aMarkandaiya | ||
| 100 | _aLaugakshi | ||
| 245 |
_aSmriti sandharbha Part 3 Dharmashastra sanghraha/ _cby Markandaiya and Laugakshi |
||
| 260 |
_aDelhi: _bNag, _c1988. |
||
| 300 | _a630p. | ||
| 650 | _aDharmashastra | ||
| 650 | _aHinduism | ||
| 650 | _aReligion | ||
| 942 | _cBK | ||
| 999 |
_c42392 _d42392 |
||